[Event "Tournament 14471 - Europe Echecs"]
[Site "Europe Echecs"]
[Date "2020.07.09"]
[Round "2"]
[Time "14:34:42"]
[PlyCount "98"]
[White "GrondinMarine"]
[Black "BocheMathis"]
[WhiteElo "1533"]
[BlackElo "1099"]
[Mode "WEB"]
[Result "1-0"]

1. e4 e6 2. d4 d5 3. exd5 exd5 4. Bd3 Nf6 5. Nf3 Be7 6. h3 O-O 7. Bf4 Be6 8. O-O
c6 9. c3 Nbd7 10. Nbd2 Re8 11. Qc2 h6 12. Rfe1 Nf8 13. Ne5 Bd6 14. Ndf3 N8d7 15.
Re2 Bxe5 16. Nxe5 Nxe5 17. Bxe5 Nd7 18. Rae1 Nxe5 19. Rxe5 Qd6 20. Bf5 Re7 21.
Bxe6 Rxe6 22. Rxe6 fxe6 23. Qg6 Qd7 24. Qxe6+ Qxe6 25. Rxe6 Kf7 26. Re5 Re8 27.
f4 a6 28. Kf2 Re6 29. Kf3 Kf6 30. g4 g5 31. Rxe6+ Kxe6 32. f5+ Kf6 33. Ke3 b5
34. b3 a5 35. Kd3 h5 36. gxh5 Kxf5 37. Ke3 Kf6 38. Kf3 Kg7 39. Kg4 Kh6 40. h4
gxh4 41. Kxh4 Kg7 42. Kg5 Kh7 43. Kf6 Kh6 44. Ke6 Kxh5 45. Kd6 Kg4 46. Kxc6 b4
47. cxb4 axb4 48. Kxd5 Kf4 49. Kc6 {BocheMathis a abandonné} 1-0

[Event "Tournament 14471 - Europe Echecs"]
[Site "Europe Echecs"]
[Date "2020.07.09"]
[Round "2"]
[Time "14:34:42"]
[PlyCount "63"]
[White "DuplanManuel"]
[Black "KienLancelot"]
[WhiteElo "1020"]
[BlackElo "1528"]
[Mode "WEB"]
[Result "0-1"]

1. e4 e5 2. Nf3 Nc6 3. Nc3 Nf6 4. a3 h6 5. Bb5 a6 6. Bxc6 bxc6 7. O-O d6 8. d3
Bg4 9. h3 Bh5 10. Be3 Be7 11. d4 exd4 12. Bxd4 O-O 13. Ne2 Nxe4 14. Nf4 Bxf3 15.
Qxf3 d5 16. Qd3 Bg5 17. Nh5 g6 18. Ng3 Nxg3 19. Qxg3 Re8 20. h4 Bxh4 21. Qf4 Bg5
22. Qf3 Re4 23. g3 Rxd4 24. Rfe1 Qd7 25. Kg2 Re8 26. Rxe8+ Qxe8 27. Qc3 Qe4+ 28.
Kg1 Rc4 29. Qa5 Rxc2 30. Re1 Re2 31. Rc1 Bxc1 {DuplanManuel a abandonné} 0-1

[Event "Tournament 14471 - Europe Echecs"]
[Site "Europe Echecs"]
[Date "2020.07.09"]
[Round "2"]
[Time "14:34:42"]
[PlyCount "44"]
[White "NajaryanArtur"]
[Black "GiraudDimitri"]
[WhiteElo "1526"]
[BlackElo "1087"]
[Mode "WEB"]
[Result "1-0"]

1. e4 e5 2. Nf3 Nc6 3. Bc4 Nf6 4. Ng5 d5 5. exd5 Nxd5 6. d4 Nxd4 7. c3 Nc6 8.
Bxd5 f6 9. Nf7 Qe7 10. Nxh8 Be6 11. Bxe6 Qxe6 12. Qh5+ Kd8 13. Qxh7 Kd7 14. O-O
Rd8 15. Rd1+ Kc8 16. Rxd8+ Kxd8 17. Be3 a6 18. Nd2 Kc8 19. Rd1 Kb8 20. Ng6 b6
21. Nxf8 Kb7 22. Nxe6 {GiraudDimitri a abandonné} 1-0

[Event "Tournament 14471 - Europe Echecs"]
[Site "Europe Echecs"]
[Date "2020.07.09"]
[Round "2"]
[Time "14:34:42"]
[PlyCount "103"]
[White "BourgineQuenti"]
[Black "DaudeAlexandre"]
[WhiteElo "999"]
[BlackElo "1518"]
[Mode "WEB"]
[Result "0-1"]

1. e4 e6 2. Nc3 d5 3. d3 c5 4. Nf3 d4 5. Na4 b5 6. Nxc5 Bxc5 7. Be2 Bb7 8. Bg5
Qa5+ 9. Bd2 Bb4 10. O-O Bxd2 11. Nxd2 Nf6 12. Bf3 O-O 13. h3 Nc6 14. Nb3 Qc7 15.
Qe1 Rfd8 16. Rd1 Ne5 17. c3 Nxf3+ 18. gxf3 dxc3 19. bxc3 a5 20. Nd4 Qe5 21. Ne2
Qg5+ 22. Ng3 Nh5 23. Qe3 Qxe3 24. fxe3 Nxg3 25. Rf2 f5 26. e5 Rac8 27. Rc1 Rxd3
28. f4 Rxe3 29. Rfc2 Ne2+ 30. Rxe2 Rxe2 31. a3 Rg2+ 32. Kf1 Rg3 33. h4 Rcxc3 34.
Re1 Rc2 35. Re2 Bg2+ 36. Kf2 Rxe2+ 37. Kxe2 Be4 38. Kd2 b4 39. axb4 axb4 40. Kc1
b3 41. Kb2 Bc2 42. h5 Rg1 43. h6 Rb1+ 44. Kc3 Be4 45. hxg7 Kxg7 46. Kb4 b2 47.
Ka3 Bd5 48. Kb4 Ra1 49. Kc5 b1=Q 50. Kd6 Ra6+ 51. Kc5 Qb6# {BourgineQuenti est échec et mat} 0-1

[Event "Tournament 14471 - Europe Echecs"]
[Site "Europe Echecs"]
[Date "2020.07.09"]
[Round "2"]
[Time "14:34:42"]
[PlyCount "122"]
[White "FondratJohan"]
[Black "BarbierPestour"]
[WhiteElo "1509"]
[BlackElo "999"]
[Mode "WEB"]
[Result "1-0"]

1. e4 e5 2. Nf3 Nc6 3. Bc4 Bd6 4. O-O Nf6 5. d3 O-O 6. Bg5 h6 7. Bh4 Be7 8. c3
d6 9. Re1 Nd7 10. Bxe7 Qxe7 11. d4 a6 12. a4 Na5 13. Ba2 c5 14. d5 b6 15. Nbd2
Rb8 16. Rc1 b5 17. b4 Nb7 18. a5 c4 19. Nf1 Nf6 20. Ng3 Bg4 21. h3 Bxf3 22. Qxf3
Ne8 23. Bb1 Qf6 24. Nf5 g6 25. Nxh6+ Kg7 26. Qe3 Qf4 27. Qxf4 exf4 28. Ng4 f5
29. exf5 gxf5 30. Nh2 Nf6 31. Rcd1 Nh5 32. Nf3 Nd8 33. Nh4 Nf7 34. Nxf5+ Kg8 35.
Be4 Rbe8 36. Bf3 Rxe1+ 37. Rxe1 Ne5 38. Nxd6 Nxf3+ 39. gxf3 Rd8 40. Re8+ Rxe8
41. Nxe8 Kf7 42. Nc7 Ke7 43. Nxa6 Kd6 44. Kf1 Kxd5 45. Ke1 Kc6 46. Kd2 Kb7 47.
Nc5+ Kc6 48. Ke2 Kc7 49. Kf1 Kc6 50. Kg2 Kc7 51. h4 Kc6 52. Kh3 Kc7 53. Kg4 Nf6+
54. Kxf4 Nd5+ 55. Ke5 Nxc3 56. h5 Na2 57. h6 c3 58. h7 c2 59. Nd3 Nxb4 60. Nc1
Na2 61. h8=Q {BarbierPestour a abandonné} 1-0

[Event "Tournament 14471 - Europe Echecs"]
[Site "Europe Echecs"]
[Date "2020.07.09"]
[Round "2"]
[Time "14:34:42"]
[PlyCount "53"]
[White "MohamedKeziah"]
[Black "SchippkeManon"]
[WhiteElo "1139"]
[BlackElo "1873"]
[Mode "WEB"]
[Result "0-1"]

1. d4 Nf6 2. e3 g6 3. Nf3 Bg7 4. Bd3 d5 5. O-O O-O 6. b3 b6 7. Bb2 Bb7 8. Nbd2
Nbd7 9. Rc1 Ne4 10. c4 e6 11. Qc2 Ndf6 12. cxd5 Nxd2 13. Nxd2 Nxd5 14. e4 Nb4
15. Qb1 Nxd3 16. Qxd3 c5 17. Nf3 cxd4 18. Nxd4 e5 19. Rfd1 exd4 20. Rc2 Rc8 21.
Rcd2 Re8 22. f3 Qg5 23. Bxd4 Red8 24. Qe3 Bh6 25. Qxg5 Bxg5 26. Rd3 Ba6 {MohamedKeziah a abandonné} 0-1

[Event "Tournament 14471 - Europe Echecs"]
[Site "Europe Echecs"]
[Date "2020.07.09"]
[Round "2"]
[Time "14:34:42"]
[PlyCount "46"]
[White "AlexGeerjananN"]
[Black "MoellerJoshua"]
[WhiteElo "1370"]
[BlackElo "1486"]
[Mode "WEB"]
[Result "0-1"]

1. e4 e5 2. Nf3 Nc6 3. Bc4 Bc5 4. Nc3 Nf6 5. d3 h6 6. Be3 Bb6 7. Qd2 d6 8. Nd5
Ng4 9. h3 Nxe3 10. fxe3 Ba5 11. Nc3 O-O 12. O-O-O Be6 13. Bb3 Nb4 14. Nd5 Nxa2+
15. Kb1 Bxd2 16. Rxd2 Bxd5 17. Bxd5 Nb4 18. Bc4 c6 19. d4 d5 20. dxe5 Qa5 21.
Bb3 dxe4 22. Nd4 Nd5 23. c3 {AlexGeerjananN a abandonné} 0-1

[Event "Tournament 14471 - Europe Echecs"]
[Site "Europe Echecs"]
[Date "2020.07.09"]
[Round "2"]
[Time "14:34:42"]
[PlyCount "58"]
[White "BaderAntoine"]
[Black "VerdeauxAntoin"]
[WhiteElo "1330"]
[BlackElo "960"]
[Mode "WEB"]
[Result "1-0"]

1. e4 e5 2. Nf3 Nc6 3. Bb5 Nf6 4. d3 g6 5. Bxc6 bxc6 6. Nxe5 Qe7 7. Nf3 Bg7 8.
Bg5 O-O 9. e5 Qb4+ 10. Bd2 Qxb2 11. Bc3 Qb5 12. exf6 Bh6 13. O-O Bb7 14. Nbd2
Bf4 15. Rb1 Qa6 16. Be5 Bxe5 17. Nxe5 d6 18. Ng4 Rab8 19. c3 c5 20. d4 Qc6 21.
Nf3 Ba6 22. Rxb8 Rxb8 23. Re1 cxd4 24. Nxd4 Qd5 25. Qd2 Bb7 26. f3 g5 27. Qe2
Qa5 28. Qe8+ Rxe8 29. Rxe8# {VerdeauxAntoin est échec et mat} 1-0

[Event "Tournament 14471 - Europe Echecs"]
[Site "Europe Echecs"]
[Date "2020.07.09"]
[Round "2"]
[Time "14:34:42"]
[PlyCount "61"]
[White "AlunniBagarell"]
[Black "LecciaThomas"]
[WhiteElo "1214"]
[BlackElo "1893"]
[Mode "WEB"]
[Result "0-1"]

1. e4 e6 2. d4 d5 3. exd5 exd5 4. Bd3 Nc6 5. Nf3 Bd6 6. O-O Nge7 7. b3 Bg4 8. h3
Bh5 9. Nc3 Qd7 10. g4 Bxg4 11. hxg4 Qxg4+ 12. Kh1 Qh3+ 13. Kg1 g5 14. Bxg5 Rg8
15. Qd2 Qxf3 16. Qe3 Qg4+ 17. Kh1 Qh5+ 18. Kg2 Rxg5+ 19. Qg3 Bxg3 20. fxg3 O-O-O
21. Rh1 Qg4 22. Rh3 Nxd4 23. Rf1 Nef5 24. Bxf5+ Nxf5 25. Rf3 Nh4+ 26. Rxh4 Qxh4
27. Nb5 Qe4 28. Kf2 Qxc2+ 29. Ke3 d4+ 30. Kf4 Qf5# {AlunniBagarell est échec et mat} 0-1

[Event "Tournament 14471 - Europe Echecs"]
[Site "Europe Echecs"]
[Date "2020.07.09"]
[Round "2"]
[Time "14:34:42"]
[PlyCount "86"]
[White "DimeyGabertQue"]
[Black "SurninZoya"]
[WhiteElo "1758"]
[BlackElo "1192"]
[Mode "WEB"]
[Result "1-0"]

1. d4 d5 2. c3 Nf6 3. Nf3 Nc6 4. e3 Bg4 5. Be2 e6 6. O-O Bd6 7. Nbd2 O-O 8. c4
b6 9. Qc2 Nd7 10. cxd5 Ne7 11. dxe6 fxe6 12. Bc4 Rf6 13. Ng5 Nf8 14. Nde4 Rg6
15. Nxd6 cxd6 16. f4 h6 17. Nf3 d5 18. Bd3 Rf6 19. Ne5 Bf5 20. Bxf5 Nxf5 21. Bd2
Nd7 22. Rac1 Nxe5 23. fxe5 Rf7 24. Qc6 Qe8 25. h3 h5 26. Kh2 Rd8 27. Rf4 Ne7 28.
Qc7 Rxf4 29. exf4 Rd7 30. Qc3 Qg6 31. Qf3 Nf5 32. Be3 h4 33. Bf2 b5 34. Rc8+ Kh7
35. Rc5 a6 36. Rc6 a5 37. Rb6 b4 38. Ra6 Rb7 39. Rxa5 Rb6 40. a3 bxa3 41. bxa3
Rb2 42. Rc5 Rb4 43. axb4 {SurninZoya a abandonné} 1-0

[Event "Tournament 14471 - Europe Echecs"]
[Site "Europe Echecs"]
[Date "2020.07.09"]
[Round "2"]
[Time "14:34:42"]
[PlyCount "84"]
[White "DameAxel"]
[Black "KouamMaelis"]
[WhiteElo "1709"]
[BlackElo "1182"]
[Mode "WEB"]
[Result "1-0"]

1. Nf3 g6 2. c4 Bg7 3. g3 Nf6 4. Bg2 O-O 5. O-O c5 6. Nc3 Nc6 7. b3 b6 8. Bb2
Bb7 9. e3 Rc8 10. d4 Qc7 11. Qe2 Rfd8 12. Rfd1 e6 13. Rac1 Ne7 14. Nb5 d5 15.
Nxc7 Rxc7 16. cxd5 exd5 17. dxc5 bxc5 18. Ba3 Rdc8 19. Nd2 Nf5 20. Nf3 Bh6 21.
Ne5 d4 22. Bxb7 Rxb7 23. Rxc5 Rxc5 24. Bxc5 Ne4 25. Bxd4 Nxd4 26. exd4 Nc3 27.
Qc4 Nxd1 28. Qc8+ Kg7 29. Qxb7 a5 30. Qxf7+ Kh8 31. Qe7 Kg8 32. d5 Nc3 33. d6
Nd5 34. Qe6+ Kg7 35. Qxd5 Kf6 36. d7 Bf8 37. Ng4+ Kg7 38. Qe5+ Kf7 39. Qf6+ Kg8
40. d8=Q h5 41. Qdxf8+ Kh7 42. Q8g7# {KouamMaelis est échec et mat} 1-0

[Event "Tournament 14471 - Europe Echecs"]
[Site "Europe Echecs"]
[Date "2020.07.09"]
[Round "2"]
[Time "14:34:42"]
[PlyCount "50"]
[White "BataillePaul"]
[Black "FoughaliYounes"]
[WhiteElo "1198"]
[BlackElo "1705"]
[Mode "WEB"]
[Result "1-0"]

1. e4 e5 2. Nc3 Nf6 3. f4 exf4 4. e5 Qe7 5. Qe2 Ng8 6. Nf3 Nc6 7. d4 d6 8. Bxf4
dxe5 9. Bxe5 Nxe5 10. Nxe5 Nf6 11. g3 c6 12. Bg2 Be6 13. O-O O-O-O 14. Bxc6 bxc6
15. Nxc6 Qb7 16. Nxd8 Kxd8 17. Rab1 Qb6 18. Rfd1 Bd6 19. Kg2 Re8 20. Qb5 Bd7 21.
Qxb6+ axb6 22. Re1 Bc6+ 23. Kf2 Ng4+ 24. Kg1 Be7 25. d5 {FoughaliYounes a perdu au temps} 1-0

[Event "Tournament 14471 - Europe Echecs"]
[Site "Europe Echecs"]
[Date "2020.07.09"]
[Round "2"]
[Time "14:34:42"]
[PlyCount "80"]
[White "BousmahaLeila"]
[Black "PousVictor"]
[WhiteElo "1638"]
[BlackElo "1167"]
[Mode "WEB"]
[Result "1-0"]

1. e4 e6 2. d4 d5 3. exd5 exd5 4. Bd3 Nc6 5. c3 Nf6 6. h3 Be6 7. Qf3 Bd6 8. Ne2
O-O 9. O-O Ne7 10. Bf4 Bxf4 11. Nxf4 Bf5 12. Nd2 Qd6 13. Rfe1 Bxd3 14. Nxd3 Rfe8
15. Nb3 Ng6 16. Nbc5 Rxe1+ 17. Rxe1 b6 18. Nb3 c5 19. dxc5 bxc5 20. Nbxc5 Rc8
21. Nb3 Re8 22. Rxe8+ Nxe8 23. Qe3 Nf6 24. Qxa7 h6 25. Qc5 Qd7 26. Nd4 Ne4 27.
Qa5 Nh4 28. Ne5 Qd6 29. Nd3 Qg6 30. Qd8+ Kh7 31. Qxh4 Ng5 32. Qg3 f5 33. h4 f4
34. Nxf4 Qe4 35. hxg5 Qe2 36. Ndxe2 hxg5 37. Qxg5 g6 38. Qxg6+ Kh8 39. Nh5 d4
40. Qg7# {PousVictor est échec et mat} 1-0

[Event "Tournament 14471 - Europe Echecs"]
[Site "Europe Echecs"]
[Date "2020.07.09"]
[Round "2"]
[Time "14:34:42"]
[PlyCount "35"]
[White "CogneauMaude"]
[Black "MenouxJoachim"]
[WhiteElo "1180"]
[BlackElo "1627"]
[Mode "WEB"]
[Result "0-1"]

1. e4 e6 2. Nc3 d5 3. exd5 exd5 4. d4 c6 5. Nf3 Bd6 6. Bg5 Ne7 7. Bd3 O-O 8. O-O
h6 9. Bh4 Bg4 10. h3 Bh5 11. g3 g5 12. Na4 gxh4 13. gxh4 Ng6 14. c4 Qf6 15. cxd5
Bxf3 16. Be2 Qf4 17. dxc6 Qh2# {CogneauMaude est échec et mat} 0-1

[Event "Tournament 14471 - Europe Echecs"]
[Site "Europe Echecs"]
[Date "2020.07.09"]
[Round "2"]
[Time "14:34:42"]
[PlyCount "56"]
[White "BagAyoub"]
[Black "PommereulEmma"]
[WhiteElo "1467"]
[BlackElo "1161"]
[Mode "WEB"]
[Result "1-0"]

1. d4 d5 2. Nf3 Nc6 3. Bf4 Nf6 4. e3 e6 5. Bd3 Bb4+ 6. c3 Ba5 7. O-O O-O 8. Nbd2
Re8 9. Re1 Nh5 10. Bg3 Nxg3 11. hxg3 e5 12. dxe5 Nxe5 13. Nxe5 Rxe5 14. Nf3 Bg4
15. Qc2 Rh5 16. Rad1 Qf6 17. Be2 Qh6 18. Nh4 Bxe2 19. Qxe2 Re8 20. f4 c5 21. Qb5
Kf8 22. Qxa5 d4 23. exd4 Rxe1+ 24. Rxe1 g6 25. Qd8+ Kg7 26. Re8 f6 27. Rg8+ Kf7
28. Qe8# {PommereulEmma est échec et mat} 1-0

[Event "Tournament 14471 - Europe Echecs"]
[Site "Europe Echecs"]
[Date "2020.07.09"]
[Round "2"]
[Time "14:34:42"]
[PlyCount "47"]
[White "LoszycerSasha"]
[Black "PoussetRaphael"]
[WhiteElo "1162"]
[BlackElo "1452"]
[Mode "WEB"]
[Result "0-1"]

1. d4 Nf6 2. c4 g6 3. Nf3 Bg7 4. e3 O-O 5. Nc3 d6 6. Bd3 Nbd7 7. O-O Re8 8. Re1
e5 9. d5 e4 10. Be2 exf3 11. Bxf3 Qe7 12. a3 Ne5 13. e4 Nxf3+ 14. Qxf3 Bg4 15.
Qd3 Rad8 16. h3 Bc8 17. Bf4 Nh5 18. Bd2 Qh4 19. Re3 Nf4 20. Qc2 f5 21. exf5 Bxf5
22. Rxe8+ Rxe8 23. Bxf4 Bxc2 {LoszycerSasha a abandonné} 0-1

[Event "Tournament 14471 - Europe Echecs"]
[Site "Europe Echecs"]
[Date "2020.07.09"]
[Round "2"]
[Time "14:34:42"]
[PlyCount "94"]
[White "CastagnerolAmb"]
[Black "ChadiGillesMat"]
[WhiteElo "1451"]
[BlackElo "1156"]
[Mode "WEB"]
[Result "1-0"]

1. e4 e5 2. Nf3 Nc6 3. Nc3 Nf6 4. Bb5 d6 5. O-O Be6 6. d3 a6 7. Ba4 b5 8. Bb3
Bxb3 9. axb3 Be7 10. d4 exd4 11. Nxd4 Nxd4 12. Qxd4 O-O 13. Re1 Re8 14. Bf4 Nh5
15. Be3 Bf6 16. Qd3 Bxc3 17. bxc3 Qf6 18. Bd4 Nf4 19. Qg3 Nh5 20. Bxf6 Nxg3 21.
Bxg7 Kxg7 22. hxg3 d5 23. exd5 Rxe1+ 24. Rxe1 Rd8 25. Rd1 c6 26. c4 b4 27. Ra1
cxd5 28. cxd5 Rxd5 29. Rxa6 Rd1+ 30. Kh2 Rb1 31. Rb6 Rb2 32. Rxb4 Rxc2 33. f3 h5
34. Rb5 Kg6 35. b4 f5 36. Rb6+ Kg7 37. b5 Rc7 38. Rc6 Rb7 39. b6 Kf7 40. Rc7+
Rxc7 41. bxc7 Ke6 42. c8=Q+ Ke5 43. Qc5+ Kf6 44. f4 Kg6 45. Qd6+ Kf7 46. Kh3 Ke8
47. Kh4 {ChadiGillesMat a abandonné} 1-0

[Event "Tournament 14471 - Europe Echecs"]
[Site "Europe Echecs"]
[Date "2020.07.09"]
[Round "2"]
[Time "14:34:42"]
[PlyCount "71"]
[White "BarbasStojicev"]
[Black "MicheliElora"]
[WhiteElo "1150"]
[BlackElo "1394"]
[Mode "WEB"]
[Result "0-1"]

1. e4 c5 2. Nf3 e6 3. d4 cxd4 4. Nxd4 Nf6 5. Nc3 Nc6 6. Be3 Bb4 7. f3 d5 8. exd5
Qxd5 9. Qd2 Bxc3 10. Qxc3 Bd7 11. O-O-O Qa5 12. Kb1 Qxc3 13. bxc3 O-O 14. Nxc6
Bxc6 15. Bc5 Rfc8 16. Bb4 a5 17. Ba3 Ba4 18. c4 b5 19. Rd4 bxc4 20. Rxc4 Rab8+
21. Kc1 Rxc4 22. Bxc4 h5 23. Bd3 Nd5 24. Kd2 g6 25. h4 Kg7 26. g3 Kf6 27. Rf1
Nb4 28. Bb2+ Ke7 29. a3 Nxd3 30. Kxd3 Rxb2 31. c4 Rb3+ 32. Kd4 Kd6 33. Rd1 Rxa3
34. Rb1 e5+ 35. Ke4 f5# {BarbasStojicev est échec et mat} 0-1

[Event "Tournament 14471 - Europe Echecs"]
[Site "Europe Echecs"]
[Date "2020.07.09"]
[Round "2"]
[Time "14:34:42"]
[PlyCount "30"]
[White "LhubertPierre"]
[Black "GuichardAxel"]
[WhiteElo "1390"]
[BlackElo "1148"]
[Mode "WEB"]
[Result "1-0"]

1. e4 e5 2. Nf3 Nc6 3. Nc3 Nf6 4. Bc4 Nxe4 5. Nxe4 d5 6. Bxd5 Qxd5 7. Nc3 Qd8 8.
O-O Be7 9. d3 O-O 10. Re1 Bg4 11. h3 Bxf3 12. Qxf3 Bf6 13. Be3 Re8 14. Rad1 Qd7
15. Ne4 {Partie terminée pour une raison inconnue} 1-0

[Event "Tournament 14471 - Europe Echecs"]
[Site "Europe Echecs"]
[Date "2020.07.09"]
[Round "2"]
[Time "14:34:42"]
[PlyCount "60"]
[White "VerdierSolene"]
[Black "PenarrubiaMaxi"]
[WhiteElo "1150"]
[BlackElo "1380"]
[Mode "WEB"]
[Result "1-0"]

1. e4 e6 2. d4 d5 3. exd5 exd5 4. Nf3 c5 5. c3 Qb6 6. Bd3 Nf6 7. O-O Be7 8. Re1
Nc6 9. Qa4 O-O 10. Qb5 Qxb5 11. Bxb5 a6 12. Bxc6 bxc6 13. Rxe7 Bf5 14. Nbd2 cxd4
15. Nxd4 Bg6 16. Nxc6 Rfe8 17. Rxe8+ Rxe8 18. Nf1 Bd3 19. Nb4 Bc4 20. f3 a5 21.
Nc2 Re2 22. Nfe3 Bd3 23. h3 Bxc2 24. Nxc2 Rxc2 25. Kf1 d4 26. cxd4 Rc4 27. Be3
Nd5 28. Bf2 Nf4 29. Re1 Nd3 30. Re8# {PenarrubiaMaxi est échec et mat} 1-0

[Event "Tournament 14471 - Europe Echecs"]
[Site "Europe Echecs"]
[Date "2020.07.09"]
[Round "2"]
[Time "14:34:42"]
[PlyCount "38"]
[White "OumerWalid"]
[Black "FoleyDaniel"]
[WhiteElo "1365"]
[BlackElo "1140"]
[Mode "WEB"]
[Result "1-0"]

1. d4 b6 2. c4 Bb7 3. Nc3 g6 4. Nf3 Bg7 5. e4 e6 6. d5 Qe7 7. Be2 d6 8. O-O Nd7
9. Be3 O-O-O 10. a4 Nh6 11. a5 bxa5 12. Rxa5 Kb8 13. Rxa7 Ng4 14. Qb3 Nb6 15.
Bxb6 f5 16. Be3 Kc8 17. Qxb7+ Kd7 18. Qc6+ Kc8 19. Ra8# {FoleyDaniel est échec et mat} 1-0

[Event "Tournament 14471 - Europe Echecs"]
[Site "Europe Echecs"]
[Date "2020.07.09"]
[Round "2"]
[Time "14:34:42"]
[PlyCount "116"]
[White "DygasArthur"]
[Black "RoumeguereGabi"]
[WhiteElo "1143"]
[BlackElo "1365"]
[Mode "WEB"]
[Result "1/2-1/2"]

1. c4 Nf6 2. Nc3 e6 3. g3 Nc6 4. Bg2 d5 5. b3 Ne7 6. e3 c6 7. Nge2 Ng6 8. O-O
Be7 9. Bb2 O-O 10. d4 b6 11. Qd3 Bb7 12. cxd5 Nxd5 13. Nxd5 cxd5 14. Rac1 Rc8
15. Rxc8 Qxc8 16. Rc1 Qd7 17. e4 Rc8 18. Rxc8+ Qxc8 19. exd5 Bxd5 20. Bxd5 exd5
21. Qe3 h6 22. Nf4 Nxf4 23. Qxf4 Bf6 24. Qd6 Qc2 25. Ba3 Qxa2 26. Qb8+ Kh7 27.
Qxa7 Qxb3 28. Bd6 Qd1+ 29. Kg2 Qxd4 30. Qb7 Qe4+ 31. Kg1 Qe6 32. Qxb6 Be7 33.
Qb1+ g6 34. Be5 Bf6 35. Bf4 d4 36. Qd3 Kg7 37. Kg2 Qd5+ 38. Kg1 Qc5 39. Kg2 Qc3
40. Qd1 d3 41. h4 Qc2 42. Qe1 Bc3 43. Be5+ Bxe5 44. Qxe5+ Kh7 45. Qf6 Kg8 46.
Qd8+ Kg7 47. Qd4+ f6 48. Qd7+ Kf8 49. Qd8+ Kf7 50. Qd7+ Kg8 51. Qe8+ Kg7 52.
Qe7+ Kg8 53. Qe8+ Kh7 54. Qf7+ Kh8 55. Qf8+ Kh7 56. Qf7+ Kh8 57. Qf8+ Kh7 58.
Qf7+ {Nulle par répétition} 1/2-1/2

[Event "Tournament 14471 - Europe Echecs"]
[Site "Europe Echecs"]
[Date "2020.07.09"]
[Round "2"]
[Time "14:34:42"]
[PlyCount "87"]
[White "HammGabrielle"]
[Black "CaullychurnEth"]
[WhiteElo "1359"]
[BlackElo "1125"]
[Mode "WEB"]
[Result "0-1"]

1. e4 d5 2. exd5 Qxd5 3. Nc3 Qd6 4. d4 c6 5. Nf3 Bg4 6. Be2 Nf6 7. O-O Nbd7 8.
Be3 Bxf3 9. Bxf3 O-O-O 10. Ne4 Nxe4 11. Bxe4 Nb6 12. c3 e6 13. Qf3 f5 14. Bd3 h6
15. Rfe1 g6 16. Bf4 Qd7 17. Be5 Rg8 18. a4 Re8 19. c4 Bg7 20. a5 Na8 21. b4 Bxe5
22. dxe5 Rd8 23. Red1 Qc7 24. Qe3 Qb8 25. b5 Rd7 26. bxc6 bxc6 27. Rab1 Qc7 28.
a6 Nb6 29. Be2 g5 30. c5 Nd5 31. Qb3 Re8 32. Bf3 g4 33. Bxd5 exd5 34. Re1 Rxe5
35. Rxe5 Qxe5 36. f4 Qxf4 37. Rf1 Qd4+ 38. Kh1 Qxc5 39. Qd1 Qb6 40. Qe2 Kc7 41.
Qe5+ Kc8 42. Qe7 Rxe7 43. Rf2 Qxf2 {HammGabrielle a abandonné} 0-1

[Event "Tournament 14471 - Europe Echecs"]
[Site "Europe Echecs"]
[Date "2020.07.09"]
[Round "2"]
[Time "14:34:42"]
[PlyCount "62"]
[White "DebiasSaidAdri"]
[Black "FalipMoralesTo"]
[WhiteElo "1125"]
[BlackElo "1344"]
[Mode "WEB"]
[Result "1-0"]

1. e4 e6 2. Nf3 d5 3. exd5 exd5 4. d4 Bd6 5. Nc3 c6 6. Bg5 f6 7. Bh4 Ne7 8. Bd3
Bf5 9. Qe2 O-O 10. Bxf5 Nxf5 11. Qe6+ Rf7 12. Qxf5 Re7+ 13. Ne2 Qe8 14. Qd3 Na6
15. a3 Kh8 16. Nfg1 Qh5 17. Bg3 Bxg3 18. Qxg3 Rae8 19. Qf3 Qh4 20. O-O-O c5 21.
Ng3 cxd4 22. Nf5 Qg5+ 23. Kb1 Re1 24. Nh3 Qd2 25. Rhxe1 Rxe1 26. Rxe1 Qxe1+ 27.
Ka2 Qf1 28. Qxd5 h6 29. Ne7 Nb4+ 30. axb4 Qa6+ 31. Kb3 {FalipMoralesTo a abandonné} 1-0

[Event "Tournament 14471 - Europe Echecs"]
[Site "Europe Echecs"]
[Date "2020.07.09"]
[Round "2"]
[Time "14:34:42"]
[PlyCount "66"]
[White "BeaurainYanis"]
[Black "TrogerEmma"]
[WhiteElo "1342"]
[BlackElo "1122"]
[Mode "WEB"]
[Result "1-0"]

1. e4 d6 2. d4 Nf6 3. Nc3 g6 4. Bc4 Bg7 5. Nf3 O-O 6. Be3 c6 7. a4 a6 8. O-O b6
9. h3 Qc7 10. Qd2 c5 11. d5 Bd7 12. Rfe1 Qb7 13. Ra3 b5 14. Rb3 b4 15. Qe2 Qc7
16. Nb1 Bxa4 17. Rd3 Nxe4 18. b3 Bd7 19. Bf4 Nf6 20. Qxe7 Qd8 21. Qxd6 a5 22.
Qxc5 Bf5 23. Rd2 Nbd7 24. Qb5 Re8 25. Rxe8+ Nxe8 26. Nd4 Nef6 27. Nxf5 gxf5 28.
Bd3 Qe8 29. Re2 Qd8 30. Re7 Qxe7 31. Bxf5 Qe1+ 32. Kh2 Qxb1 33. Qb7 {TrogerEmma a perdu au temps} 1-0

[Event "Tournament 14471 - Europe Echecs"]
[Site "Europe Echecs"]
[Date "2020.07.09"]
[Round "2"]
[Time "14:34:42"]
[PlyCount "145"]
[White "FadilNoah"]
[Black "FaidoliYannis"]
[WhiteElo "1113"]
[BlackElo "1333"]
[Mode "WEB"]
[Result "0-1"]

1. e4 c5 2. d4 cxd4 3. c3 dxc3 4. Nxc3 Nc6 5. Nf3 g6 6. Bc4 Bg7 7. Ng5 e6 8. Qf3
Nf6 9. b3 O-O 10. Bb2 Qa5 11. Qh3 Qxg5 12. O-O Qa5 13. Ne2 Qc7 14. Qh4 Qd8 15.
Nd4 d5 16. Nxc6 bxc6 17. exd5 Nxd5 18. Qxd8 Rxd8 19. Bxg7 Kxg7 20. Rfd1 Bb7 21.
Rd3 Rd7 22. Re1 Rad8 23. Rg3 Nb4 24. h4 Nxa2 25. h5 Re7 26. Rg4 Nb4 27. g3 Nd5
28. Rd1 Rf8 29. b4 Nf6 30. Rg5 h6 31. Ra5 Nxh5 32. Rxa7 Rfe8 33. Ba6 Bxa6 34.
Rxa6 Rb8 35. Rb1 Rc7 36. Ra2 c5 37. Rab2 c4 38. Rc2 Nf6 39. Kf1 Nd7 40. Ke2 Ne5
41. Ke3 f5 42. Kd4 Kf6 43. f4 Ng4 44. Rxc4 Rxc4+ 45. Kxc4 e5 46. Kc5 exf4 47.
gxf4 h5 48. b5 h4 49. b6 h3 50. b7 h2 51. Kc6 Nf2 52. Kc7 Rxb7+ 53. Rxb7 h1=Q
54. Rb6+ Kg7 55. Kd6 Qd1+ 56. Ke5 Qe2+ 57. Kd6 Qe3 58. Rb7+ Kh6 59. Rb8 Qxf4+
60. Kc6 Qxb8 61. Kc5 g5 62. Kd4 g4 63. Ke3 g3 64. Ke2 Qb2+ 65. Kf1 Ne4 66. Kg1
Qb1+ 67. Kg2 Qc2+ 68. Kg1 Qc5+ 69. Kg2 Qf2+ 70. Kh1 g2+ 71. Kh2 g1=Q+ 72. Kh3
Qfh2# {FadilNoah est échec et mat} 0-1

[Event "Tournament 14471 - Europe Echecs"]
[Site "Europe Echecs"]
[Date "2020.07.09"]
[Round "2"]
[Time "14:34:42"]
[PlyCount "47"]
[White "MoussaNicolas"]
[Black "GabinoKarl"]
[WhiteElo "1102"]
[BlackElo "1331"]
[Mode "WEB"]
[Result "0-1"]

1. e4 c5 2. Nf3 g6 3. Bc4 Bg7 4. c3 Nc6 5. d4 cxd4 6. cxd4 e6 7. O-O Nge7 8. d5
exd5 9. exd5 Na5 10. Qa4 Nxc4 11. Qxc4 d6 12. Re1 O-O 13. Qe4 Re8 14. Bg5 Bf5
15. Qxe7 Rxe7 16. Bxe7 Qb6 17. Nbd2 Qxb2 18. Rac1 Qxa2 19. Nc4 Rc8 20. Nxd6 Rxc1
21. Rxc1 Qxd5 22. h3 Bd7 23. Rc7 Qe6 {MoussaNicolas a perdu au temps} 0-1

[Event "Tournament 14471 - Europe Echecs"]
[Site "Europe Echecs"]
[Date "2020.07.09"]
[Round "2"]
[Time "14:34:42"]
[PlyCount "48"]
[White "MilaGabriel"]
[Black "MoreauDecource"]
[WhiteElo "1096"]
[BlackElo "1330"]
[Mode "WEB"]
[Result "1-0"]

1. e4 e5 2. Nf3 Nc6 3. d4 exd4 4. Bc4 Nf6 5. e5 Ne4 6. O-O d6 7. Re1 Qh4 8. Nxh4
Be7 9. Rxe4 O-O 10. Qf3 dxe5 11. Qg3 d3 12. cxd3 Be6 13. Bxe6 fxe6 14. Qg4 Rad8
15. Bh6 Bf6 16. Re3 e4 17. Rg3 Rf7 18. Qxe6 exd3 19. Nc3 Bxc3 20. bxc3 d2 21.
Rd1 Na5 22. Rxg7+ Kh8 23. Qxf7 Nc6 24. Rxh7# {MoreauDecource est échec et mat} 1-0